[Event "Tessenderlo CC-ch"]
[Site "Tessenderlo"]
[Date "2003.02.27"]
[Round "5"]
[White "Aerts, Jimmy"]
[Black "Put, Andre"]
[Result "1-0"]
[WhiteElo "1516"]
[BlackElo "1618"]
[PlyCount "59"]
[EventDate "2003.??.??"]
[EventType "swiss"]
[EventRounds "9"]
[EventCountry "BEL"]
[SourceTitle "EXT 2005"]
[Source "ChessBase"]
[SourceDate "2004.11.15"]
[SourceVersion "1"]
[SourceVersionDate "2004.11.15"]
[SourceQuality "1"]

1. d4 d5 2. c4 Nf6 3. Nc3 g6 4. Bf4 Nc6 5. Nb5 e5 6. dxe5 Ne4 7. a3 Bc5 8. e3 Bb6 9. Qxd5 Bf5 10. Qxd8+ Rxd8 11. Nf3 Na5 12. b4 Nb3 13. Ra2 c5 14. Nd6+ Nxd6 15. exd6 0-0 16. Be2 a5 17. b5 a4 18. 0-0 Rfe8 19. Bd1 Nc1 20. Ra1 Nd3 21. Bh6 Nb2 22. Bf4 Bd3 23. Re1 Ba5 24. Rc1 Bxe1 25. Nxe1 Re4 26. Bf3 Rxf4 27. exf4 Rxd6 28. Bd5 b6 29. Nxd3 Nxd3 30. Rd1 1-0

[Event "Tessenderlo CC-ch"]
[Site "Tessenderlo"]
[Date "2003.02.06"]
[Round "4"]
[White "Put, Andre"]
[Black "Valkenborgs, Victor"]
[Result "1-0"]
[WhiteElo "1618"]
[BlackElo "1364"]
[PlyCount "119"]
[EventDate "2003.??.??"]
[EventType "swiss"]
[EventRounds "9"]
[EventCountry "BEL"]
[SourceTitle "EXT 2005"]
[Source "ChessBase"]
[SourceDate "2004.11.15"]
[SourceVersion "1"]
[SourceVersionDate "2004.11.15"]
[SourceQuality "1"]

1. d4 d5 2. c4 e6 3. Nc3 Bb4 4. Nf3 Bxc3+ 5. bxc3 h6 6. e3 Nf6 7. Qc2 c6 8. Be2 0-0 9. 0-0 Nbd7 10. Ba3 Re8 11. Bd6 Nb6 12. c5 Nbd7 13. c4 b6 14. cxb6 axb6 15. c5 b5 16. Be5 Nh7 17. Bd3 Ng5 18. Nxg5 Qxg5 19. Bh7+ Kh8 20. Bf4 Qh5 21. Bd3 e5 22. Be2 Qh4 23. Bg3 Qf6 24. Rfe1 Nf8 25. dxe5 Qe6 26. h3 Qg6 27. Qxg6 Nxg6 28. f4 Ne7 29. Bh5 g6 30. Bf3 Kg7 31. Bf2 Be6 32. g4 Rf8 33. e4 Ra3 34. Kg2 f6 35. exf6+ Rxf6 36. Bd4 Ng8 37. Bxf6+ Nxf6 38. exd5 Bxd5 39. Bxd5 Nxd5 40. f5 Nf4+ 41. Kh2 Rxh3+ 42. Kg1 Rc3 43. Kh1 gxf5 44. gxf5 Kf6 45. a4 Rh3+ 46. Kg1 Nd3 47. Ra3 Rg3+ 48. Kh2 Rf3 49. Rd1 Rf2+ 50. Kg3 Nxc5 51. Kxf2 Ne4+ 52. Kg2 Kxf5 53. axb5 cxb5 54. Rd5+ Kg6 55. Rxb5 Nd6 56. Rb6 Kf5 57. Rd3 Ke5 58. Rbxd6 h5 59. Rd8 Ke4 60. Rd1 1-0

[Event "Leander Laruelle CC-ch"]
[Site "Leander Laruelle"]
[Date "2000.01.20"]
[Round "8"]
[White "Put, Andre"]
[Black "Laruelle, Leander"]
[Result "1-0"]
[WhiteElo "1749"]
[BlackElo "1771"]
[PlyCount "131"]
[EventDate "2000.??.??"]
[EventType "tourn"]
[EventRounds "11"]
[EventCountry "BEL"]
[SourceTitle "EXT 2004"]
[Source "ChessBase"]
[SourceDate "2003.11.25"]
[SourceVersion "1"]
[SourceVersionDate "2003.11.25"]
[SourceQuality "1"]

1. d4 Nf6 2. c4 g6 3. Nc3 Bg7 4. Nf3 d6 5. Bf4 0-0 6. e3 Nbd7 7. Be2 a6 8. Qc2 c5 9. 0-0 Nh5 10. Bg5 h6 11. Bh4 Nhf6 12. Rad1 g5 13. Bg3 Nh5 14. Nxg5 hxg5 15. Bxh5 Nf6 16. Bf3 cxd4 17. exd4 g4 18. Be4 Nxe4 19. Nxe4 f5 20. Ng5 e6 21. h4 gxh3 22. Nxh3 Qe7 23. Bf4 Bf6 24. Qd3 Rf7 25. Qf3 Rh7 26. Rfe1 e5 27. dxe5 dxe5 28. Bxe5 Bxe5 29. Qd5+ Be6 30. Qxe5 Re8 31. b3 Rg7 32. Rd6 Bd7 33. Qd5+ Qf7 34. Rxe8+ Bxe8 35. Qxf7+ Kxf7 36. Nf4 Bc6 37. Nd5 Bxd5 38. Rxd5 Ke6 39. Rd4 Rc7 40. g3 b5 41. cxb5 axb5 42. Rb4 Rc5 43. Kg2 Kd6 44. a4 bxa4 45. bxa4 Ke6 46. Rb5 Rc4 47. a5 Ra4 48. Rb6+ Kd7 49. a6 Kc7 50. Rf6 Ra5 51. f4 Kb8 52. Kh3 Ka7 53. Kh4 Rc5 54. Kg5 Rc3 55. Kxf5 Rxg3 56. Ke5 Rg1 57. f5 Rd1 58. Re6 Re1+ 59. Kf6 Rf1 60. Kg7 Rg1+ 61. Kf7 Rg2 62. f6 Rb2 63. Kg7 Rg2+ 64. Kf8 Rf2 65. f7 Rb2 66. Ke7 1-0

[Event "Leander Laruelle CC-ch"]
[Site "Leander Laruelle"]
[Date "1999.09.09"]
[Round "1"]
[White "Put, Andre"]
[Black "Van Kerckhoven, Kris"]
[Result "1-0"]
[WhiteElo "1749"]
[BlackElo "1296"]
[PlyCount "87"]
[EventDate "2000.??.??"]
[EventType "tourn"]
[EventRounds "11"]
[EventCountry "BEL"]
[SourceTitle "EXT 2004"]
[Source "ChessBase"]
[SourceDate "2003.11.25"]
[SourceVersion "1"]
[SourceVersionDate "2003.11.25"]
[SourceQuality "1"]

1. d4 d5 2. c4 dxc4 3. Nc3 Nd7 4. Nf3 c6 5. Bf4 Ngf6 6. e3 Nb6 7. Be2 g6 8. 0-0 Bg7 9. Qc2 Nfd5 10. Bg3 0-0 11. Ne4 Bf5 12. Nh4 Nb4 13. Qb1 Qd5 14. Nxf5 Qxf5 15. Bf3 Nd3 16. Qc2 Qb5 17. b3 cxb3 18. axb3 Nb4 19. Qd2 N6d5 20. Be2 Qb6 21. Nc5 Rfd8 22. Na4 Qa5 23. Rfc1 b5 24. Nc3 Qb6 25. Bf3 Nxc3 26. Qxc3 Nd5 27. Bxd5 cxd5 28. Bc7 Qb7 29. Bxd8 Rxd8 30. Qc7 Qxc7 31. Rxc7 e5 32. Rd1 Re8 33. Kf1 a5 34. Ra7 a4 35. bxa4 b4 36. a5 Rb8 37. a6 Rb6 38. Ra8+ Bf8 39. a7 Ra6 40. Rb1 Kg7 41. Ke2 Bd6 42. g3 Kf6 43. Rd8 Ra2+ 44. Kf1 1-0